000 00384nam a2200157Ia 4500
005 20250430033509.0
008 240331s9999 xx 000 0 und d
020 _a9552072905
082 _bJAY
_a891
100 _aJayakody,S
245 0 _aSiduhath yasodara
260 _aColombo
_bS. Godake & Brothers
_c2004
300 _a256 p .,
500 _aAncient Historical Novel
942 _cL
999 _c5202
_d5202